| 000 | 00822nam a22002057a 4500 | ||
|---|---|---|---|
| 003 | SISC | ||
| 005 | 20170615152846.0 | ||
| 008 | 150511b xxu||||| |||| 00| 0 eng d | ||
| 020 | _a9781619974456 | ||
| 050 | _aPE 1408.ELA6 C734.TM 2013 | ||
| 245 | _aCommon core coach, english language arts 6 : teachers manual | ||
| 250 | _a1st edition | ||
| 260 |
_aNew York : _bTriumph Learning, _c2013 |
||
| 300 |
_a187 pages: _bcolored illustrations ; _c27 cm. |
||
| 440 | _aCommon core coach | ||
| 650 |
_aEnglish language _2Library of Congress Subject Headings _xProblems, exercises, etc. |
||
| 650 |
_aEnglish language _2Library of Congress Subject Headings _xStudy and teaching (Elementary) |
||
| 942 |
_2lcc _cBK |
||
| 999 |
_c283940 _d283940 |
||